000 00310nam a22001337a 4500
008 170821b xxu||||| |||| 00| 0 eng d
020 _a9780495389613
041 _aeng
080 _24 DE
_a51
100 _a37
101 _aMAT
245 _aELEMENTARY INTERMEDIATE ALGEBRA
_cTUSSY.A.S
942 _2udc
_cBK
999 _c24258
_d24258